La isla del tesoro : (Registro nro. 182604)

Detalles MARC
000 -LEADER
campo de control de longitud fija 01091nam a2200253 i 4500
001 - NÚMERO DE CONTROL
campo de control 182604
003 - IDENTIFICADOR DE NÚMERO DE CONTROL
campo de control ES-MaACL
005 - FECHA Y HORA DE LA ÚLTIMA TRANSACCIÓN
campo de control 20250817062600.0
008 - DATOS DE LONGITUD FIJA--INFORMACIÓN GENERAL
campo de control de longitud fija 131002s2012 sp a | |||||||| | spa d
020 ## - NÚMERO INTERNACIONAL ESTÁNDAR DEL LIBRO
Número Internacional Estándar del Libro 978-84-7075-602-3
080 ## - NÚMERO DE LA CLASIFICACIÓN DECIMAL UNIVERSAL
Número de la Clasificación Decimal Universal 7(410)(083.824)
245 03 - MENCIÓN DEL TÍTULO
Título La isla del tesoro :
Resto del título arte británico de Holbein a Hockney : [exposición] Fundación Juan March, Madrid, 5 de octubre de 2012, 20 de enero de 2013 /
Mención de responsabilidad, etc. [Richard Humphreys, comisario invitado ; textos, Fundación Juan March ... et al.].
260 ## - PUBLICACIÓN, DISTRIBUCIÓN, ETC.
Lugar de publicación, distribución, etc. Madrid :
Nombre del editor, distribuidor, etc. Fundación Juan March :
-- Editorial de Arte y Ciencia,
Fecha de publicación, distribución, etc. [2012]
300 ## - DESCRIPCIÓN FÍSICA
Extensión XXVII, 333 p. :
Otras características físicas principalmente il. col. y n. ;
Dimensiones 31 cm.
500 ## - NOTA GENERAL
Nota general Cronología: p. 314-316. Índices.
504 ## - NOTA DE BIBLIOGRAFÍA, ETC.
Nota de bibliografía, etc. Bibliografía: p. 327-330.
650 #4 - PUNTO DE ACCESO ADICIONAL DE MATERIA--TÉRMINO DE MATERIA
Término de materia o nombre geográfico como elemento de entrada Arte británico-
Subdivisión de forma Exposiciones.
9 (RLIN) 153100
655 #7 - TERMINO DE INDIZACIÓN--GENERO/FORMA
Fuente del término tgfbne
9 (RLIN) 193628
Datos o término principal de género/forma Catálogos de exposiciones
700 1# - ENTRADA AGREGADA--NOMBRE PERSONAL
Nombre de persona Humphreys, Richard.
9 (RLIN) 153519
710 2# - ENTRADA AGREGADA--NOMBRE DE ENTIDAD CORPORATIVA
Nombre de entidad corporativa o nombre de jurisdicción como elemento de entrada Fundación Juan March
9 (RLIN) 4346
852 ## - LOCALIZACIÓN
Ubicación ES-MaACL
Número de control de estantería A-12846
itemnumber 189520
Sublocalización o colección R.149071
Ubicación en estantería Depósito 1
Signatura antigua Olim: N-5846
942 ## - ELEMENTOS DE ENTRADA SECUNDARIOS (KOHA)
Fuente del sistema de clasificación o colocación Clasificación decimal universal
Tipo de ítem Koha Libro impreso
Existencias
Estatus retirado Estado de pérdida Fuente del sistema de clasificación o colocación Estado de daño No para préstamo Biblioteca de origen Biblioteca actual Ubicación en estantería Fecha de adquisición Fuente de adquisición Total de préstamos Signatura topográfica completa Código de barras Visto por última vez Precio de reemplazo Tipo de ítem Koha
    Clasificación decimal universal     Biblioteca del Ateneo de Madrid Biblioteca del Ateneo de Madrid Depósito 1 02/10/2013 Donación   A-12846 1191903 23/02/2023 23/02/2023 Libro impreso